000 01400nam a2200349 i 4500
003 EG-GICUC
005 20260121101239.0
008 251118b1970 ua ||||f |||| 00| 0 ara d
040 _a EG-GICUC
_c EG-GICUC
_d EG-GICUC
_erda
_bara
041 _aara
082 0 4 _221
_a345.2
_bم ح . ب
092 0 4 _221
099 _aLaw1 07 345.2 م ح . ب 1970
100 0 _aمحمد محمد ناشد
_eمؤلف.
245 _aالبيروقراطية مفهومها ومقوماتها ومظاهرها :
_bدراسة تحليلية /
_cإعداد محمد محمد ناشد.
264 _aالقاهرة :
_bجامعة الدول العربية-المنظمة العربية للعلوم الإدارية، مركز البحوث الإدارية،
_c1970.
300 _a25 ؛ صفحة
_c24 سم.
336 _2rda content
_atext
337 _2rda media
_aComputer
338 _2rda carrier
_aOnline Resource
490 _v51
504 _aيشتمل على إرجاعات ببليوجرافية
504 _aببليوجرافيا : صفحات 24-25
546 _aالنص باللغة العربية
650 1 _2qrmak
_aالقانون الإداري
650 1 _2qrmak
_aالبيروقراطية
650 1 _2qrmak
_aالتنمية الإدارية
830 _0
856 4 0 _uhttps://fll.law.cu.edu.eg/fulltext/bks/B07-00130.pdf
905 _aWesam Mahmoud
942 _2ddc
_n0
_cBK
_e21
999 _c44235
_d44235